|
|
|
|
| LEADER |
00000nam a22000007a 4500 |
| 005 |
20171122193120.0 |
| 007 |
c||||| |||| |
| 008 |
171122s2014 mx |||||s|||| 00||0 spa d |
| 020 |
|
|
|a 978-607-95997-3-7
|
| 035 |
|
|
|a 20759
|
| 040 |
|
|
|a vLex
|
| 090 |
|
|
|c 7242
|d 7242
|
| 100 |
1 |
|
|a Santander, Daniel C.
|
| 245 |
1 |
0 |
|a Zacatecas
|h [Recurso electrn̤ico] :
|b La batalla de la victoria, 23 de junio de 1914 /
|c Daniel C. Santander; Martha B. Loyo
|
| 256 |
|
|
|a Servicio en ln̕ea
|
| 260 |
|
|
|a Ciudad de Mx̌ico:
|b Cm̀ara de Diputados,
|c 2014
|
| 300 |
|
|
|a 1 recurso electrn̤ico (196p.)
|
| 506 |
1 |
|
|a Disponible solo en los productos indicados
|d vLex Global
|d vLex Global (Academic Edition, excluding Law Schools)
|d vLex Global (U.S. Academic Edition, Law Schools)
|d vLex Global (U.S. Academic Edition, excluding Law Schools)
|d vLex Global (Academic Edition, Law Schools)
|
| 650 |
0 |
4 |
|a Ciencias sociales
|z Mx̌ico
|
| 700 |
1 |
|
|a Loyo, Martha Beatriz
|
| 740 |
0 |
|
|a vLex Libros (Servicio en ln̕ea)
|
| 856 |
4 |
0 |
|u http://vlex.com/source/zacatecas-batalla-victoria-23-junio-1914-20759
|z Acceso restringido
|
| 942 |
|
|
|c BOOK
|
| 999 |
0 |
|
|a Social sciences
|